イナズマイレブンGOの必殺技 - Statistics

General Stats
  • This quiz has been taken 15 times
  • The average score is 84 of 234
Answer Stats
技使用者 技名 % Correct
(化)信助 マジン・ザ・ハンド
82%
円堂 ゴッドハンド
82%
剣城 デスソード
82%
神童 フォルテシモ
82%
伝来宝刀
82%
黒岩 ファイアトルネード
82%
三国 バーニングキャッチ
73%
三国 フェンス・オブ・ガイア
73%
メカ円堂 ペンギン・ザ・ハンド
73%
霧野 ザ・ミスト
73%
車田 ダッシュトレイン
73%
狩屋 ハンターズネット
73%
天馬 そよかぜステップ
73%
風丸 疾風ダッシュ
73%
天馬 マッハウィンド
73%
剣城 デスドロップ
73%
信助 ぶっとびジャンプ
73%
倉間 サイドワインダー
73%
南沢 ソニックショット
73%
影山 エクステンドゾーン
73%
吹雪 エターナルブリザード
73%
天馬×剣城 ファイアトルネードDD
73%
三国 無頼ハンド
64%
信助 ぶっとびパンチ
64%
(ミ)信助 大国謳歌
64%
木暮 旋風陣
64%
壁山 ザ・ウォール
64%
黄名子 もちもち黄粉餅
64%
浜野 なみのりピエロ
64%
(化)剣城 ロストエンジェル
64%
(化)神童 ハーモニクス
64%
(化)雨宮 サンシャインフォース
64%
白竜 ホワイトハリケーン
64%
(ミ)剣城 菊一文字
64%
(ミ)神童 刹那ブースト
64%
円堂×豪炎寺×鬼道 イナズマブレイク
64%
ザノウ キーパーコマンド03/ドーンシャウト
64%
ルジク キーパーコマンド07/ジャイロセービング
64%
ベータ シュートコマンド07/ダブルショット
64%
鬼道×不動×風丸他 皇帝ペンギン2号
64%
天馬×剣城×黄名子 ファイアトルネードTC
64%
皆帆 あそこにUFO
64%
(化)千宮路 キングファイア
55%
井吹 ワイルドダンク
55%
天馬 スパイラルドロー
55%
天城 ビバ!万里の長城
55%
信助×狩屋 かっとびディフェンス
55%
風丸×壁山×佐久間 ディープジャングル
55%
真名部 ディフェンス方程式
55%
速水 ゼロヨン
55%
昇り龍
55%
(ミ)天馬 王の剣
55%
(化)錦 武神連斬
55%
雪村 パンサーブリザード
55%
真帆路 マボロシショット
55%
(化)シュウ 魔王の斧
55%
牙山 風林火山デストロイヤー
55%
天馬 ゴッドウィンド
55%
フェイ バウンサーラビット
55%
(化)フェイ 満月ラッシュ
55%
フェイ×天馬 エクストリームラビット
55%
黄名子 やきもちスクリュー
55%
(ミ)天馬、フェイ 最強イレブン波動
55%
ザナーク ディザスターブレイク
55%
円堂 ギガトンヘッド
55%
天馬 嵐・竜巻・ハリケーン
55%
剣城 バイシクルソード
55%
瞬木 パルクールアタック
55%
アルファ シュートコマンド01/スピニングトランザム
55%
ネイラ シュートコマンド08/ラブ・アロー
55%
アルファ×ベータ×ガンマ シュートコマンド24/オメガアタック
55%
御門 皇帝ペンギン7
55%
(化)ベータ シュートコマンドK02/アテナ・アサルト
55%
円堂 ゴッドハンドV
55%
三国 ゴッドハンドX
55%
天馬 Zスラッシュ
55%
信助 ぎんがロケット
45%
天城 アトランティスウォール
45%
霧野 ディープミスト
45%
(ミ)霧野 ラ・フラム
45%
(化)黄名子 光輪の矢
45%
(ミ)黄名子 きらきらイリュージョン
45%
(化)トーブ ハンティングランス
45%
神童 アインザッツ
45%
好葉 このはロール
45%
神童、青山 プレストターン
45%
アクロバットキープ
45%
天馬 アグレッシブビート
45%
(ミ)錦 クロシオライド
45%
(化)雪村、ユウチ アイシクルロード
45%
黒裂 バリスタショット
45%
(化)黒裂 爆熱ストーム
45%
(化)天馬 ジャスティスウィング
45%
天馬×剣城×神童 エボリューション
45%
(化)天馬×剣城×神童 ソード・オブ・ファイア
45%
(化)白竜 ホワイトブレス
45%
シュウ ブラックアッシュ
45%
白竜×シュウ ゼロマグナム
45%
(ミ)フェイ 古代の牙
45%
(ミ)フェイ 王者の牙
45%
(ミ)ザナーク グレートマックスなオレ
45%
工党×前林 火縄バレット
45%
(ミ)雨宮 天地雷鳴
45%
白竜 ドラゴンブラスター
45%
九坂 キョウボウヘッド
45%
剣城×瞬木 ブラックドーン
45%
天馬×剣城×神童 ジ・アース∞
45%
貴志部×和泉×跳沢 トライアングルZZ
45%
雅野 パワースパイク
36%
(化)円堂 グレイト・ザ・ハンド
36%
井吹 ゲキリンダンク
36%
天馬 ワンダートラップ
36%
太助×獅子丸×五郎太 一夜城
36%
皆帆 トレースプレス
36%
信助 スカイウォーク
36%
佐々鬼×逸見青山×一乃 ブリタニアクロス
36%
神童 オリンポスハーモニー
36%
天馬 風穴ドライブ
36%
雨宮 スパークエッジドリブル
36%
(化)隼総 ファルコ・ウィング
36%
喜峰 フライングフィッシュ
36%
剣城 デビルバースト
36%
(化)白竜×シュウ ソードエクスカリバー
36%
SARU シェルビットバースト
36%
染岡×吹雪×ヒロト ラスト・デスゾーン
36%
鉄角 デッドストレート
36%
リュゲル×ガンダレス スクリーム・オブ・エデン
36%
クオース、レイザ オフェンスコマンド04/スピニングアッパー
36%
メダム ディフェンスコマンド06/マグネットドロー
36%
エイナム、ダーナ シュートコマンド06/プラズマボール
36%
バド×リン×ドネル ディフェンスコマンド14/無影乱舞
36%
影浦 ムーンサルトスタンプ
27%
(化)篠山、硬山 ガーディアンシールド
27%
(化)箱野 ラッキーダイス
27%
征木 シュートブレイク
27%
マッチョス エクセレントブレスト
27%
井吹 ライジングスラッシュ
27%
書崎 シーフ・アイ
27%
蒲石×大沢田 エレファントプレス
27%
ストロウ×ウォーリー×デブーン フラクタルハウス
27%
鉄角 フットワークドロウ
27%
さくら ビューティフルフープ
27%
雪地 パーフェクトコース
27%
(化)光良 マジシャンズボックス
27%
(化)総介 ギャロップバスター
27%
(化)根淵、ロデオ ヘヴィアクアランス
27%
剣城×神童 ジョーカーレインズ
27%
綱海 スパークルウェイブ
27%
サイード オイルラッシュ
27%
ロダン カザンライ
27%
オズロック スターゲイザー
27%
ダーナ ディフェンスコマンド03/コイルアッパー
27%
ラウ キーパーコマンド16/孤月十字掌
27%
ブル×グラ シュートコマンド20/双飛遊星弾
27%
天馬 ゴッドハンドW
27%
深淵 ハイドロアンカー
18%
(化)兵頭、佐田 ギガンティックボム
18%
白咲 クリスタルバリア
18%
虚木 かげつかみ
18%
蛇野 サーペントファング
18%
芦矢 キルブリッジ
18%
(化)ファダム ギガバイトスクリュー
18%
(化)チェット シキガミラインズ
18%
兵馬俑 ビームこぶし
18%
蒲田×飛鳥寺 サルガッソー
18%
大磯川×山裂 ビッグシザース
18%
ヤシャ スクリュードライバー
18%
アスタ アスタリスクロック
18%
ジョンホ 地走り火炎
18%
甲斐 クレイモア
18%
(化)真帆路 ダンシングゴースト
18%
ジョニー 風神の舞
18%
ヒラリ ジャックナイフ
18%
白都 バウンドフレイム
18%
雨宮 サンシャインストーム
18%
フラン カオスメテオ
18%
コール、オクトパス メガロドン
18%
ホーネ カザンガン
18%
六塔 グラビティポイント
9%
シュテン サンドカッター
9%
ブーフウ リジェクション
9%
ロータス シャイニングホール
9%
ドヒョン 大爆発張り手
9%
カルノフ ツイストリーチ
9%
バダイ サンドノック
9%
ロンガ ビッグマウス
9%
バルガ ロックハンマー
9%
ビーチャ ウォーターフォール
9%
バンダ テンタクルホールド
9%
イシガシ ジャッジメント・レイ
9%
逆崎 ブーメランフェイント
9%
清水 イリュージョンボール
9%
幻一 トリックボール
9%
メイズ バンジースラスト
9%
ユウチ デコイ・リリース
9%
兵馬俑 トランスムーブ
9%
ロラン シルクロード
9%
エトゥナ マグマカーペット
9%
金平×甲斐 ロケットヘッド
9%
ジプス、ダク スプリングアロー
9%
メイア×ギリス デッドフューチャー
9%
(化)メイア、ギリス ハートレイピア
9%
兵馬俑 ギアドライブ
9%
アスタ ディメンションストーム
9%
ジニアス フローラルデスペアー
9%
チュンユン ラピッドファイア
9%
ドミトリー、マクシム ゴールドフィーバー
9%
ホス リバースワールド
0%
ロータス ディスティニークラウド
0%
スルタン ドライブロー
0%
ウドム キラーエルボー
0%
ヴァン アクアブレス
0%
アルゴ リバウンドレイヤー
0%
金平×長船 ツインミキサー
0%
小鳩 ディメンションカット
0%
天瀬 エアーバレット
0%
ダク グランドスイーパー
0%
サッカーロボ ブリッツブリッジ
0%
足黒 オケハザマウォール
0%
ナパ×ヤム デスサイズミドル
0%
セルゲイ×ミーチャ ローリングカッター
0%
ダフ ディグアップ
0%
日向 ラウンドスパーク
0%
大安 ツバメ返し
0%
(化)大安 旋風の刃
0%
ザバ ディグスルー
0%
スタッグ マッシュルームホップ
0%
ロッツ ホログラムロック
0%
レイン レインボーバブルショット
0%
ガッツ ダイナソーブレイク
0%
ラセツ オーガブレード
0%
タムガン アイボリークラッシュ
0%
カゼルマ ダストジャベリン
0%
セバン バブルボイル
0%
No matching quizzes found
Score Distribution
Percent of People with Each Score
Percentile by Number Answered
Your Score History
You have not taken this quiz